Nociones de tecnología textil
Publicado:
Barcelona :
Escuela de Trabajo de la Diputación Provincial de Barcelona. Sección Ediciones (E.T. Artes Gráficas) ,
1953
Descripción Física:
70 p. . il. ; 21 cm
Materias:
Indústria tèxtil
MARC
| LEADER | 00000nam a2200000Ia 4500 | ||
|---|---|---|---|
| 001 | 1982 | ||
| 008 | 160829s1953 xx 000 0 cat d | ||
| 080 | |a C-1-407 | ||
| 245 | |a Nociones de tecnología textil | ||
| 260 | |a Barcelona : |b Escuela de Trabajo de la Diputación Provincial de Barcelona. Sección Ediciones (E.T. Artes Gráficas), |c 1953 | ||
| 300 | |a 70 p. . il. ; |c 21 cm | ||
| 650 | |a Indústria tèxtil |9 37110 | ||
| 710 | 2 | |a Escola del Treball (Barcelona, Catalunya) |9 54586 | |
| 901 | |a Arxiu | ||
| 942 | |n 1 | ||
| 952 | |0 0 |1 0 |4 0 |6 C1407 |7 1 |9 47667 |a Arxiu |b Arxiu |d 2016-12-01 |l 0 |o C-1-407 |p 1982 |r 2016-12-01 00:00:00 |w 2016-12-01 |y ARXIU | ||
| 999 | |c 51466 |d 51466 | ||